000 04031namaa22004331i 4500
003 EG-GICUC
005 20260225101729.0
008 260214s2025 ua a|||frm||| 000 0 eng d
040 _aEG-GICUC
_beng
_cEG-GICUC
_dEG-GICUC
_erda
041 0 _aeng
_beng
_bara
049 _aDeposit
082 0 4 _a629
092 _a629
_221
097 _aM.Sc
099 _aCai01.13.01.M.Sc.2025.Ha.D
100 0 _aHassan Ramadan Hassan Ali Elzahar,
_epreparation.
245 1 0 _aDynamic modeling, guidance, and control of homing missile /
_cby Hassan Ramadan Hassan Ali Elzahar ; Supervisors: Prof. Dr. Gamal Mahmoud Sayed El-Bayoumi, Prof. Osama Saeed Mohammadi Abdel Razek.
246 1 5 _aالنمذجة الديناميكية و التوجية و التحكم للصواريخ ذاتية التوجية
264 0 _c2025.
300 _a130 pages :
_billustrations ;
_c30 cm. +
_eCD.
336 _atext
_2rda content
337 _aUnmediated
_2rdamedia
338 _avolume
_2rdacarrier
502 _aThesis (M.Sc)-Cairo University, 2025.
504 _aBibliography: pages 118 -121.
520 3 _aHoming missiles have transformed modern warfare by enabling precise and autonomous targeting capabilities. However, the effectiveness of a homing missile system relies heavily on its guidance law, autopilot control mechanisms, and tracking or seeker technology. This thesis address that facts by modeling a complete homing missile system with six degrees of freedom (6-DOF), utilizing tail control mechanism and an electro- optical (EO) tracking device to target an aircraft from the ground. A 2D camera-based image guidance system tracks the target and estimates its motion orientation using developed algorithms that interacting with mathematical models of the target and EO camera to captures the target’s 3D movement from its image plane coordinates. The study simulations conducted in MATLAB® and Simulink® to demonstrate successful missile- target engagements with both Pure Pursuit Guidance (PPG) and Proportional Navigation Guidance (PNG) laws to compare the performance of for each law in multiple engagement scenarios.
520 3 _aتعتمد فعالية أنظمة الصواريخ الموجهة بشكل كبير على قانون التوجيه، وآليات التحكم في الطيار الآلي، وتقنية التتبع أو الباحث. تتناول هذه الرسالة هذه الحقائق من خلال نمذجة نظام صاروخ موجه كامل بست درجات حرية، باستخدام وحدة تحكم ذيلية مع جهاز تتبع EO لاستهداف طائرة. يتتبع الهدف نظام توجيه صوري ثنائي الأبعاد قائم على كاميرا، ويقدر اتجاه حركته باستخدام خوارزميات مطورة لالتقاط حركة الهدف ثلاثية الأبعاد من إحداثيات مستوى صورته. أجريت عمليات المحاكاة في الدراسة باستخدام MATLAB® وSimulink®. ثم قورنت نتائج قوانين PPG وPNG من منظور الأداء.
530 _aIssues also as CD.
546 _aText in English and abstract in Arabic & English.
650 0 _aAerospace Engineering
650 0 _aالطيران و الفضاء
653 1 _aHoming Missiles
_aGuidance
_aMissile Dynamics
_aProportional Navigation
_aAngle Autopilot
_aTracking
_aImage Based Guidance
_aLine-Of-Sight
_aTarget Motion Estimation
_aالصواريخ ذاتية التوجيه
_aديناميكيات الصواريخ
700 0 _aGamal Mahmoud Sayed El-Bayoumi
_ethesis advisor.
700 0 _aOsama Saeed Mohammadi Abdel Razek
_ethesis advisor.
900 _b01-01-2025
_cGamal Mahmoud Sayed El-Bayoumi
_cOsama Saeed Mohammadi Abdel Razek
_dAhmed Ali Abu Al Saud
_dGamal Ahmed El-Sheikh
_UCairo University
_FFaculty of Engineering
_DDepartment of Aerospace Engineering
905 _aShimaa
_eEman Ghareb
942 _2ddc
_cTH
_e21
_n0
999 _c178457